00458nam a22001577a 4500003000400000005001700004008004100021020001800062040000900080082001900089100001600108245003500124260003000159300000900189650010200198OSt20250218153358.0250218b |||||||| |||| 00| 0 eng d a81-264-0182-6 cSBCL a894.812bROT-L aRoth Joseph aThe Legend of the Holy Drinker aKottayambD C Booksc2000 a60p. 2 Literature & rhetorica Literatures of other languagesv Altaic, Uralic, Hyperborean & Dravidian